| 000 | 00717nam a22002177a 4500 | ||
|---|---|---|---|
| 999 |
_c64437 _d64437 |
||
| 005 | 20240530110731.0 | ||
| 008 | 180512s2006 jo a g b 000 0 ara d | ||
| 017 |
_a2006/4/773 _bالاردن . دائره المكتبة الوطنية |
||
| 040 |
_aEG-CaGPL _cEG-CaGPL |
||
| 082 | 0 | 4 |
_221 _a155.4\ _bف س |
| 100 | 0 | _aفضل سلامة | |
| 245 | 1 | 0 |
_aسيكولوجية اللعب عند الاطفال / _cتأليف فضل سلامة |
| 250 | _aط.1 | ||
| 260 |
_aعمان : _c2006 . |
||
| 300 |
_a176 ص. ؛ _c24 سم. |
||
| 650 | 0 | 7 |
_2qrmak _aالاطفال _xعلم نفس |
| 650 | 0 | 7 |
_2qrmak _aلعب الاطفال |
| 651 | _2qrmak | ||
| 942 |
_2ddc _cBK |
||